| 000 | 004690000a22001930004500 | ||
|---|---|---|---|
| 001 | 003150 | ||
| 003 | MACL | ||
| 005 | 20160124134426.0 | ||
| 008 | 160124b xxu||||| |||| 00| 0 eng d | ||
| 040 |
_aMACL _cMACL |
||
| 041 | _aEnglish | ||
| 082 | _a616.852/VIJ | ||
| 100 |
_aVijay, _934533 |
||
| 245 |
_aGet Rid Of Depression _cVijay |
||
| 260 |
_aChetak Publishing House, _c2002 _bDelhi |
||
| 350 | _a250 | ||
| 650 |
_aMedical Science _934534 |
||
| 942 |
_k617 _cBK _2ddc |
||
| 999 |
_c15056 _d15056 |
||